Statistics for Icedancer Tracklist (Bladee)

Click here to take the quiz!

General Stats

  • This quiz has been taken 14 times
  • The average score is 12 of 19

Answer Stats

HintAnswer% Correct
4Be Nice 2 Me
92%
1SmartWater
92%
3Mallwhore Freestyle
83%
10Side By Side
83%
5Frosty The Snowman
75%
2OKK
75%
9Cartier'god Icedancer (Intermission)
67%
7Close
67%
6Inside Out
67%
19The Silent Boy Cries (Rippsquad Outro)
67%
18Anything
58%
15Feel Like
58%
16Linkdin
58%
13Special Place
58%
14Dg Jeans
50%
8Jaws
50%
11Topman
50%
12Waster
50%
17For Nothing
42%

Score Distribution

Percentile by Number Answered

Percent of People with Each Score

Your Score History

You have not taken this quiz